| Поле | Инд. | ПП | Название | Значение |
|---|---|---|---|---|
| Тип записи | a | |||
| Библиографический уровень | b | |||
| 001 | Контрольный номер | 473814103c504e7f93794f240c36dac1 | ||
| 005 | Дата корректировки | 20200812173842.8 | ||
| 008 | Кодируемые данные | 20170331 | ||
| 040 | b | Код языка каталог. | rus | |
| e | Правила каталог. | PSBO | ||
| 041 | 0_ | a | Код языка текста | rus |
| 084 | a | Индекс другой классификации/Индекс ББК | 67.408.135(2Рос) | |
| 100 | 1_ | a | Автор | Евдокимов К. Н. |
| 245 | 10 | a | Заглавие | Вредоносные компьютерные программы как орудие и средство совершения преступлений: онтологические и гносеологические аспекты |
| 520 | 0_ | a | Аннотация | Статья посвящена понятию «вредоносная компьютерная программа» как орудию и средству преступлений в сфере компьютерной информации, а также преступлений, совершенных с использованием информационных технологий. На основе анализа научных работ автор приходит к выводу о дуалистическом характере рассматриваемого понятия, предлагая его рассматривать в узком (уголовно-правовом) и широком (криминологическом) смыслах |
| 650 | 14 | a | Основная рубрика | право; уголовное право |
| 653 | 0_ | a | Ключевые слова | вредоносные компьютерные программы |
| a | Ключевые слова | информационные технологии | ||
| a | Ключевые слова | компьютерная преступность | ||
| a | Ключевые слова | компьютерные преступления | ||
| a | Ключевые слова | орудие преступления | ||
| a | Ключевые слова | преступления в сфере компьютерной информации | ||
| a | Ключевые слова | Россия | ||
| a | Ключевые слова | средство преступления | ||
| a | Ключевые слова | уголовные преступления | ||
| a | Ключевые слова | Уголовный кодекс РФ | ||
| 773 | 08 | t | Заглавие источника | Российская юстиция |
| d | Дата издания источника | 2020 | ||
| g | Прочая информация | № 3. - С. 56 - 58 | ||
| w | Контрольный № источника | e7466aa06b2540358281e2135db0f8ff | ||
| 901 | t | Тип документа | b |